Giáo trình Hán ngữ T.2 Giáo trình Hán ngữ

Zapisane w:
Opis bibliograficzny
1. autor: Lý Hiểu Kỳ (Tác giả)
Kolejni autorzy: Lý Hiểu Kỳ Đái Quế Phù Quách Chấn Hoa (Tác giả), Phan Kỳ Nam Lê Văn Sơn Trần Kiết Hùng (Dịch)
Format: Książka
Język:Vietnamese
Wydane: Đồng Nai Nxb Đồng Nai 1997
Hasła przedmiotowe:
Etykiety: Dodaj etykietę
Nie ma etykietki, Dołącz pierwszą etykiete!
Thư viện lưu trữ: Mạng thư viện Đại học Đà Nẵng
LEADER 01231nam a2200349 4500
001 000009730
003 5928
005 20120523130506.0
008 111101s1997 viesd
020 |c 0đ 
041 0 |a vie 
082 |a 495.1  |b LY-K 
100 0 |a Lý Hiểu Kỳ  |e Tác giả 
245 1 0 |a Giáo trình Hán ngữ  |c Lý Hiểu Kỳ; Đái Quế Phù; Quách Chấn Hoa  |n T.2  |p Giáo trình Hán ngữ 
260 |a Đồng Nai  |b Nxb Đồng Nai  |c 1997 
300 |a 296 tr.  |c 21 cm 
653 |a Hán ngữ 
653 |a Giáo trình 
700 |a Lý Hiểu Kỳ  |a Đái Quế Phù  |a Quách Chấn Hoa  |e Tác giả 
700 |a Phan Kỳ Nam  |a Lê Văn Sơn  |a Trần Kiết Hùng  |e Dịch 
773 |t Giáo trình Hán ngữ  |w 5920 
910 |a duyên 
OWN |a LSP 
AVA |a UDN50  |b LSP  |d 495.1 LY-K  |e available  |t Error 5001 Not defined in file expand_doc_bib_avail.  |f 10  |g 0  |h N  |i 0  |k 1 
999 |a From the UDN01 
AVA |a UDN50  |b LSP  |d 495.1 LY-K  |e available  |t Error 5001 Not defined in file expand_doc_bib_avail.  |f 10  |g 0  |h N  |i 0  |k 1 
TYP |a Monograph 
TYP |a Printed language 
980 |a Mạng thư viện Đại học Đà Nẵng